000
00289nam a2200109Ia 4500
008
220214s9999 xx 000 0 und d
100
_a
Banerjee B.M.
245
0
_a
Cyclisation of cis-polyisoprene (natural Hevea rubber)
260
_b
Popular plastics
_c
1969
300
_a
25-35
942
_c
RE
999
_c
45584
_d
45584